[Event "LSS No Engine Cup 217 Preliminary 0"]
[Site "LSS email"]
[Date "2021.05.06"]
[Round "?"]
[White "Keller, Thomas"]
[Black "Daigle, Sylvain"]
[Result "1-0"]
[WhiteElo "1309"]
[BlackElo "1373"]
[PlyCount "59"]
[EventDate "2021.05.06"]
[EventType "tourn (corr)"]
[EventRounds "6"]
[EventCountry "GER"]
[SourceTitle "Corr 2024"]
[Source "ChessBase"]
[SourceDate "2023.10.19"]
[SourceVersion "1"]
[SourceVersionDate "2023.10.19"]
[SourceQuality "1"]

1. e4 c5 2. Nf3 Nc6 3. d4 cxd4 4. Nxd4 e5 5. Nb5 a6 6. Nd6+ Bxd6 7. Qxd6 Nge7 8. Nc3 0-0 9. Bg5 f6 10. Bc4+ Kh8 11. Be3 b5 12. Be2 f5 13. 0-0-0 Rf6 14. Qd2 f4 15. Bc5 g5 16. h4 Qg8 17. hxg5 Qxg5 18. Rh5 Qxg2 19. Rdh1 h6 20. Rxh6+ Rxh6 21. Rxh6+ Kg7 22. Rd6 Qg1+ 23. Nd1 Qh1 24. f3 Kf7 25. c4 Rb8 26. Kc2 Qg2 27. Nc3 Rb7 28. cxb5 axb5 29. Nxb5 Nb8 30. Bc4+ 1-0

[Event "LSS No Engine Cup 210 Preliminary 0"]
[Site "LSS email"]
[Date "2020.11.23"]
[Round "?"]
[White "Bengoa, Josu"]
[Black "Daigle, Sylvain"]
[Result "0-1"]
[WhiteElo "1149"]
[BlackElo "1371"]
[PlyCount "66"]
[EventDate "2020.11.23"]
[EventType "tourn (corr)"]
[EventRounds "6"]
[EventCountry "GER"]
[SourceTitle "Corr 2024"]
[Source "ChessBase"]
[SourceDate "2023.10.19"]
[SourceVersion "1"]
[SourceVersionDate "2023.10.19"]
[SourceQuality "1"]

1. e4 c5 2. Nf3 Nc6 3. d4 cxd4 4. Nxd4 e5 5. Nb5 a6 6. Nd6+ Bxd6 7. Nc3 Bb4 8. Bd2 Nf6 9. Bd3 Qa5 10. 0-0 0-0 11. a3 Bxc3 12. Bxc3 Qc7 13. Bd2 b5 14. b4 Nd4 15. c3 Ne6 16. Qf3 Bb7 17. Rfe1 d6 18. Re2 Rad8 19. Qh3 Bc8 20. Qh4 Nf4 21. Bxf4 exf4 22. Qxf4 Qxc3 23. Rd1 Qe5 24. Qf3 Bg4 25. Qe3 Bxe2 26. Qxe2 Rfe8 27. f3 Nh5 28. Kh1 Nf4 29. Qf1 Qc3 30. Be2 Nxe2 31. Qxe2 Qxa3 32. Rd4 d5 33. h3 Qc3 0-1

[Event "LSS No Engine Cup 210 Preliminary 0"]
[Site "LSS email"]
[Date "2020.11.23"]
[Round "?"]
[White "Daigle, Sylvain"]
[Black "Cruz Ramirez, Eliecer"]
[Result "0-1"]
[WhiteElo "1371"]
[BlackElo "1600"]
[PlyCount "64"]
[EventDate "2020.11.23"]
[EventType "tourn (corr)"]
[EventRounds "6"]
[EventCountry "GER"]
[SourceTitle "Corr 2024"]
[Source "ChessBase"]
[SourceDate "2023.10.19"]
[SourceVersion "1"]
[SourceVersionDate "2023.10.19"]
[SourceQuality "1"]

1. d4 d5 2. c4 e6 3. Nc3 Nf6 4. a3 dxc4 5. e4 c5 6. Nf3 b5 7. Nxb5 Qa5+ 8. Nc3 Nxe4 9. Qc2 Nxc3 10. Bd2 cxd4 11. Bxc4 Qc5 12. Ba2 Nxa2 13. Qxc5 Bxc5 14. Rxa2 Bb7 15. b4 Bd6 16. 0-0 Bxf3 17. gxf3 Ke7 18. Rc2 Nd7 19. f4 Rhc8 20. Rfc1 Rxc2 21. Rxc2 Nb6 22. Kg2 Kf6 23. Kf3 Kf5 24. Rc6 Rd8 25. h3 Nd5 26. Rc4 Bxf4 27. Bxf4 Nxf4 28. Rc7 d3 29. Rxf7+ Ke5 30. Rxf4 d2 31. Re4+ Kf6 32. Rf4+ Ke7 0-1

[Event "OP-2020-0-05040"]
[Site "LSS email"]
[Date "2020.10.24"]
[Round "?"]
[White "Davydov, Andrej"]
[Black "Daigle, Sylvain"]
[Result "1-0"]
[WhiteElo "2161"]
[BlackElo "1086"]
[PlyCount "61"]
[EventDate "2020.10.22"]
[EventType "tourn (corr)"]
[EventRounds "4"]
[EventCountry "GER"]
[SourceTitle "Corr 2022"]
[Source "ChessBase"]
[SourceDate "2021.10.24"]
[SourceVersion "1"]
[SourceVersionDate "2021.10.24"]
[SourceQuality "1"]

1. e4 c5 2. Nf3 Nc6 3. Bb5 d6 4. 0-0 Bd7 5. Re1 e5 6. c3 Be7 7. d4 a6 8. Bxc6 Bxc6 9. Nbd2 Nf6 10. dxe5 Ng4 11. exd6 Bxd6 12. e5 Be7 13. Qe2 0-0 14. h3 Nh6 15. e6 f6 16. Nc4 Qc7 17. Bxh6 gxh6 18. Rad1 Rad8 19. Ne3 Rxd1 20. Qxd1 Rd8 21. Qb1 Bxf3 22. gxf3 Kh8 23. Nf5 Rg8+ 24. Kh1 Qf4 25. Qe4 Qg5 26. f4 Qg6 27. Nxe7 Qxe4+ 28. Rxe4 Re8 29. Nf5 h5 30. e7 Kg8 31. Nd6 1-0

[Event "LSS No Engine Cup 204 Preliminary 0"]
[Site "LSS email"]
[Date "2020.06.05"]
[Round "?"]
[White "Wuttke, Bodo"]
[Black "Daigle, Sylvain"]
[Result "1-0"]
[WhiteElo "1906"]
[BlackElo "1502"]
[PlyCount "53"]
[EventDate "2020.06.05"]
[EventType "tourn (corr)"]
[EventRounds "6"]
[EventCountry "GER"]
[SourceTitle "Corr 2022"]
[Source "ChessBase"]
[SourceDate "2021.10.24"]
[SourceVersion "1"]
[SourceVersionDate "2021.10.24"]
[SourceQuality "1"]

1. d4 f5 2. c4 Nf6 3. Nc3 g6 4. Nf3 Bg7 5. Bf4 d6 6. e3 0-0 7. c5 Be6 8. Ng5 Bf7 9. Nxf7 Kxf7 10. Qb3+ e6 11. Qxb7 Nbd7 12. cxd6 cxd6 13. Bxd6 Qc8 14. Ba6 Qxb7 15. Bxb7 Rfe8 16. Bxa8 Rxa8 17. 0-0 Rc8 18. Rac1 Ne4 19. Nxe4 Rxc1 20. Ng5+ Kg8 21. Rxc1 h6 22. Rc8+ Bf8 23. Nxe6 Kf7 24. Nxf8 Nxf8 25. Rxf8+ Ke6 26. Bc5 h5 27. Ra8 1-0

[Event "LSS No Engine Cup 196 Preliminary 0"]
[Site "LSS email"]
[Date "2019.12.19"]
[Round "?"]
[White "Daigle, Sylvain"]
[Black "Khramkov, Alexey"]
[Result "0-1"]
[WhiteElo "1383"]
[BlackElo "1600"]
[PlyCount "80"]
[EventDate "2019.12.20"]
[EventType "tourn (corr)"]
[EventRounds "6"]
[EventCountry "GER"]
[SourceTitle "Corr 2022"]
[Source "ChessBase"]
[SourceDate "2021.10.24"]
[SourceVersion "1"]
[SourceVersionDate "2021.10.24"]
[SourceQuality "1"]

1. d4 Nf6 2. c4 e6 3. Nc3 Bb4 4. Nf3 b6 5. a3 Bxc3+ 6. bxc3 Bb7 7. g3 0-0 8. Bg5 h6 9. Bxf6 Qxf6 10. Bg2 c5 11. 0-0 d6 12. e3 Nc6 13. Qe2 Ne7 14. Ne1 Bxg2 15. Nxg2 Rfd8 16. Rad1 Rac8 17. f4 d5 18. Rd2 dxc4 19. Rc1 cxd4 20. exd4 Nd5 21. Qe5 Qe7 22. Ra2 b5 23. Ne3 Nxe3 24. Qxe3 a5 25. Kf2 b4 26. axb4 axb4 27. Rb2 b3 28. Ra1 Ra8 29. Rab1 Rd5 30. Qe2 Qc7 31. Ke3 Rda5 32. Qd2 Ra1 33. Kf2 Rxb1 34. Rxb1 Ra2 35. Rb2 Qa5 36. Qc1 Rxb2+ 37. Qxb2 Qa2 38. Qxa2 bxa2 39. Ke2 a1Q 40. Kd2 Qb2+ 0-1

[Event "LSS No Engine Cup 196 Preliminary 0"]
[Site "LSS email"]
[Date "2019.12.19"]
[Round "?"]
[White "Jenneborg, Seved"]
[Black "Daigle, Sylvain"]
[Result "1-0"]
[WhiteElo "2253"]
[BlackElo "1383"]
[PlyCount "35"]
[EventDate "2019.12.20"]
[EventType "tourn (corr)"]
[EventRounds "6"]
[EventCountry "GER"]
[SourceTitle "Corr 2022"]
[Source "ChessBase"]
[SourceDate "2021.10.24"]
[SourceVersion "1"]
[SourceVersionDate "2021.10.24"]
[SourceQuality "1"]

1. e4 c5 2. Nf3 Nc6 3. c3 Nf6 4. e5 Nd5 5. d4 e6 6. c4 Nc7 7. d5 exd5 8. cxd5 Nb4 9. Nc3 d6 10. a3 Nba6 11. Bxa6 Nxa6 12. 0-0 Bg4 13. Re1 Qd7 14. Bg5 h6 15. exd6+ Be6 16. dxe6 fxe6 17. Ne5 Qxd6 18. Qh5+ 1-0

[Event "LSS No Engine Cup 196 Preliminary 0"]
[Site "LSS email"]
[Date "2019.12.19"]
[Round "?"]
[White "Townsend, John"]
[Black "Daigle, Sylvain"]
[Result "1-0"]
[WhiteElo "1892"]
[BlackElo "1383"]
[PlyCount "59"]
[EventDate "2019.12.20"]
[EventType "tourn (corr)"]
[EventRounds "6"]
[EventCountry "GER"]
[SourceTitle "Corr 2022"]
[Source "ChessBase"]
[SourceDate "2021.10.24"]
[SourceVersion "1"]
[SourceVersionDate "2021.10.24"]
[SourceQuality "1"]

1. e4 d5 2. exd5 Qxd5 3. Nc3 Qe5+ 4. Be2 Nc6 5. Nf3 Qd6 6. d4 e6 7. 0-0 Nf6 8. Re1 Bd7 9. Nb5 0-0-0 10. Nxd6+ Bxd6 11. c4 Bb4 12. Bd2 Ne4 13. Bxb4 Nxb4 14. a3 Nc6 15. Qc2 f5 16. d5 Ne7 17. Ne5 Rhf8 18. Nxd7 Rxd7 19. dxe6 Rd2 20. Qa4 Nc6 21. Bf3 Rd4 22. Bxe4 Rxe4 23. Rxe4 fxe4 24. Re1 a6 25. Rxe4 Re8 26. f4 g6 27. b4 Kd8 28. b5 Nb8 29. bxa6 Nxa6 30. Qd7# 1-0

[Event "LSS No Engine Cup 191 Preliminary 0"]
[Site "LSS email"]
[Date "2019.07.06"]
[Round "?"]
[White "Neumann, Otto"]
[Black "Daigle, Sylvain"]
[Result "1-0"]
[WhiteElo "1163"]
[BlackElo "1400"]
[PlyCount "83"]
[EventDate "2019.07.07"]
[EventType "tourn (corr)"]
[EventRounds "6"]
[EventCountry "GER"]
[SourceTitle "Corr 2022"]
[Source "ChessBase"]
[SourceDate "2021.10.24"]
[SourceVersion "1"]
[SourceVersionDate "2021.10.24"]
[SourceQuality "1"]

1. d4 f5 2. c4 Nf6 3. Nc3 g6 4. Bg5 Bg7 5. e3 0-0 6. Be2 d6 7. Nf3 h6 8. Bf4 c6 9. 0-0 Be6 10. Rc1 Bf7 11. h3 Nbd7 12. b4 Re8 13. a4 a5 14. b5 e5 15. dxe5 dxe5 16. Bh2 Qb6 17. Re1 Rad8 18. Qc2 Nc5 19. Rcd1 Nfe4 20. Nxe4 Nxe4 21. Bd3 Nc5 22. Be2 e4 23. Nd4 Rd7 24. bxc6 bxc6 25. Rb1 Qa6 26. Red1 Rb7 27. Bd6 Rxb1 28. Rxb1 Nd3 29. c5 Rd8 30. Rb6 Qa7 31. Bxd3 exd3 32. Qxd3 Bd5 33. Nxc6 Bxc6 34. Rxc6 Qb7 35. Rb6 Qa7 36. Qd5+ Kh8 37. Rb7 Qa8 38. Qf7 Rg8 39. c6 Qe8 40. Qxe8 Rxe8 41. Rb8 Rxb8 42. Bxb8 1-0

[Event "LSS No Engine Cup 191 Preliminary 0"]
[Site "LSS email"]
[Date "2019.07.06"]
[Round "?"]
[White "Pech, Stepan"]
[Black "Daigle, Sylvain"]
[Result "0-1"]
[WhiteElo "1578"]
[BlackElo "1400"]
[PlyCount "53"]
[EventDate "2019.07.07"]
[EventType "tourn (corr)"]
[EventRounds "6"]
[EventCountry "GER"]
[SourceTitle "Corr 2022"]
[Source "ChessBase"]
[SourceDate "2021.10.24"]
[SourceVersion "1"]
[SourceVersionDate "2021.10.24"]
[SourceQuality "1"]

1. d4 f5 2. c4 Nf6 3. Nf3 g6 4. g3 Bg7 5. Bg2 0-0 6. 0-0 d6 7. Nc3 c6 8. d5 c5 9. a3 a6 10. Rb1 Nbd7 11. Qc2 Ng4 12. b3 Bxc3 13. Qxc3 Nge5 14. Nxe5 Nxe5 15. Bb2 Rf6 16. f4 Nd7 17. e4 e5 18. dxe6 Nf8 19. exf5 gxf5 20. Rfd1 Ra7 21. Rxd6 Qe7 22. Qxf6 Qxf6 23. Bxf6 Nxe6 24. Bd5 Kf7 25. Bh4 b5 26. Re1 bxc4 27. bxc4 0-1

[Event "IECC CL0-2019.00 email"]
[Site "IECC email"]
[Date "2019.06.18"]
[Round "?"]
[White "Daigle, Sylvain"]
[Black "Slavin, Pablo"]
[Result "0-1"]
[WhiteElo "1155"]
[BlackElo "1135"]
[PlyCount "80"]
[EventDate "2019.04.12"]
[EventType "tourn (corr)"]
[EventRounds "4"]
[SourceTitle "Corr 2022"]
[Source "ChessBase"]
[SourceDate "2021.10.24"]
[SourceVersion "1"]
[SourceVersionDate "2021.10.24"]
[SourceQuality "1"]

1. d4 Nf6 2. c4 c5 3. Nc3 cxd4 4. Qxd4 Nc6 5. Qd1 g6 6. Nf3 d6 7. g3 Bg7 8. Bg2 0-0 9. 0-0 a6 10. a3 Bf5 11. Be3 Rc8 12. Qd2 Ne4 13. Nxe4 Bxe4 14. Nd4 Bxg2 15. Kxg2 Nxd4 16. Bxd4 Rxc4 17. Bxg7 Kxg7 18. Qd5 Rc5 19. Qxb7 Qa8 20. Qxa8 Rxa8 21. b4 Rc2 22. e3 a5 23. b5 a4 24. Rfb1 Rb8 25. b6 Rc3 26. b7 Rb3 27. Rxb3 axb3 28. Rb1 Rxb7 29. Rb2 Kf6 30. f3 Ke5 31. Kf2 Kd5 32. Ke2 Kc4 33. Kd2 Ra7 34. f4 Rxa3 35. e4 Ra2 36. Rxa2 bxa2 37. Kc2 a1Q 38. h3 Qa2+ 39. Kd1 Kd3 40. Ke1 Qe2# 0-1

[Event "IECC CL0-2018.00 email"]
[Site "IECC email"]
[Date "2018.08.14"]
[Round "?"]
[White "Daigle, Sylvain"]
[Black "D'Emilia, Jack"]
[Result "0-1"]
[WhiteElo "1227"]
[BlackElo "960"]
[PlyCount "62"]
[EventDate "2018.06.25"]
[EventType "tourn (corr)"]
[EventRounds "4"]
[SourceTitle "Corr 2022"]
[Source "ChessBase"]
[SourceDate "2021.10.24"]
[SourceVersion "1"]
[SourceVersionDate "2021.10.24"]
[SourceQuality "1"]

1. d4 d5 2. c4 Nf6 3. Nc3 e6 4. a3 Be7 5. Nf3 0-0 6. b3 c6 7. Bf4 Nbd7 8. e3 Nh5 9. g3 Nxf4 10. exf4 f5 11. Bg2 Nf6 12. 0-0 Ne4 13. Nxe4 fxe4 14. Nd2 Bf6 15. cxd5 exd5 16. Rc1 Bxd4 17. Qc2 Bf5 18. Nxe4 Re8 19. Rfe1 Kh8 20. Rcd1 dxe4 21. Bxe4 Bxe4 22. Rxe4 Rxe4 23. Qxe4 Bxf2+ 24. Kxf2 Qxd1 25. b4 Qd2+ 26. Qe2 Qxe2+ 27. Kxe2 Rd8 28. Ke3 b6 29. h4 c5 30. bxc5 bxc5 31. a4 c4 0-1

[Event "IECC CL0-2018.00 email"]
[Site "IECC email"]
[Date "2018.08.14"]
[Round "?"]
[White "Raines, David T"]
[Black "Daigle, Sylvain"]
[Result "1-0"]
[WhiteElo "1223"]
[BlackElo "1227"]
[PlyCount "67"]
[EventDate "2018.06.25"]
[EventType "tourn (corr)"]
[EventRounds "4"]
[SourceTitle "Corr 2022"]
[Source "ChessBase"]
[SourceDate "2021.10.24"]
[SourceVersion "1"]
[SourceVersionDate "2021.10.24"]
[SourceQuality "1"]

1. d4 f5 2. Nf3 Nf6 3. g3 g6 4. Bg2 Bg7 5. 0-0 0-0 6. c4 d6 7. Nc3 Be6 8. d5 Bf7 9. Qb3 b6 10. Ng5 Nbd7 11. Ne6 Bxe6 12. dxe6 Nc5 13. Qa3 Nfe4 14. Nxe4 fxe4 15. Be3 a5 16. Bxc5 bxc5 17. Bxe4 Ra7 18. Rab1 Qc8 19. Qa4 Qxe6 20. Bd5 Qxd5 21. cxd5 Bd4 22. e3 Bg7 23. a3 Rb8 24. b4 cxb4 25. axb4 Bc3 26. bxa5 Rba8 27. a6 Rxa6 28. Rb8+ Kg7 29. Rxa8 Rxa4 30. Rxa4 Kf6 31. e4 e5 32. Rc1 Bd4 33. Rxc7 h5 34. Ra6 1-0

[Event "IECC CL0-2018.00 email"]
[Site "IECC email"]
[Date "2018.03.15"]
[Round "?"]
[White "Chura, Michal"]
[Black "Daigle, Sylvain"]
[Result "1-0"]
[WhiteElo "1252"]
[BlackElo "1314"]
[PlyCount "133"]
[EventDate "2018.02.03"]
[EventType "tourn (corr)"]
[EventRounds "4"]
[SourceTitle "Corr 2022"]
[Source "ChessBase"]
[SourceDate "2021.10.24"]
[SourceVersion "1"]
[SourceVersionDate "2021.10.24"]
[SourceQuality "1"]

1. f4 d5 2. Nf3 Nf6 3. e3 Bg4 4. Be2 e6 5. 0-0 a6 6. b3 Nc6 7. Bb2 Be7 8. Qe1 Nb4 9. Na3 0-0 10. Ne5 Bxe2 11. Qxe2 Nc6 12. Rf3 Nxe5 13. fxe5 Nd7 14. d4 c6 15. c4 Qa5 16. Nc2 f6 17. exf6 Bxf6 18. Ba3 Rf7 19. Bb4 Qc7 20. Raf1 c5 21. Bc3 Raf8 22. Rg3 Bh4 23. Rxf7 Rxf7 24. Rh3 Bf2+ 25. Kh1 g6 26. Qd3 b6 27. Rf3 Rxf3 28. gxf3 Bh4 29. cxd5 exd5 30. dxc5 Qxc5 31. Qd4 Qxd4 32. Bxd4 Kf7 33. Nb4 Ke6 34. Nxa6 Bf6 35. Nc7+ Kd6 36. Ne8+ Ke7 37. Nxf6 Nxf6 38. Bxb6 Kd6 39. Bd4 Nd7 40. Kg2 Ke6 41. Kg3 Kf5 42. a4 Nb8 43. b4 Ke6 44. Kf4 Nc6 45. b5 Na5 46. Bc3 Nc4 47. a5 Kd6 48. Bd4 Nxa5 49. Kg5 Ke6 50. Kh6 Kf5 51. Kxh7 g5 52. h3 Nb7 53. Kg7 Nd6 54. b6 Nb7 55. Kf7 Nd6+ 56. Ke7 Nb7 57. Kd7 Na5 58. Kd6 Nb3 59. b7 Nxd4 60. exd4 Kf4 61. Kxd5 Kxf3 62. b8Q Kg2 63. Qe5 Kxh3 64. Qxg5 Kh2 65. Ke4 Kh1 66. Kf3 Kh2 67. Qg2# 1-0

[Event "IECC CL0-2018.00 email"]
[Site "IECC email"]
[Date "2018.03.15"]
[Round "?"]
[White "Daigle, Sylvain"]
[Black "Caviglia, Maximiliano"]
[Result "1/2-1/2"]
[WhiteElo "1314"]
[BlackElo "885"]
[PlyCount "120"]
[EventDate "2018.02.03"]
[EventType "tourn (corr)"]
[EventRounds "4"]
[SourceTitle "Corr 2022"]
[Source "ChessBase"]
[SourceDate "2021.10.24"]
[SourceVersion "1"]
[SourceVersionDate "2021.10.24"]
[SourceQuality "1"]

1. d4 b6 2. Nc3 g6 3. e4 d6 4. h3 Bg7 5. Nf3 a6 6. a4 Bb7 7. Be2 h6 8. 0-0 e6 9. d5 e5 10. Be3 Ne7 11. Nh2 0-0 12. f4 f6 13. fxe5 fxe5 14. Qd2 Kh7 15. Rxf8 Qxf8 16. Rf1 Qg8 17. Ng4 Nd7 18. Bxh6 Rf8 19. Bxg7 Rxf1+ 20. Bxf1 Qxg7 21. b4 Nf6 22. Nd1 Nxe4 23. Qe3 Bxd5 24. Bxa6 Nf5 25. Qe2 Neg3 26. Qf2 Ne4 27. Qe1 Nf6 28. Nxf6+ Qxf6 29. Qf2 Kg7 30. Bc8 Nh4 31. Qxf6+ Kxf6 32. Ne3 Be4 33. c3 Nf5 34. Bxf5 gxf5 35. g3 d5 36. Kf2 d4 37. cxd4 exd4 38. Nc4 Bd3 39. Nb2 Be4 40. a5 Bb7 41. Nd3 Ba6 42. axb6 cxb6 43. Nb2 Bb5 44. Kf3 Ke6 45. Kf4 Bf1 46. h4 Be2 47. Kg5 b5 48. h5 Kf7 49. h6 d3 50. Kxf5 d2 51. g4 d1Q 52. Nxd1 Bxd1 53. g5 Bc2+ 54. Ke5 Kg6 55. Kd4 Kxg5 56. Kc5 Kxh6 57. Kxb5 Bd3+ 58. Kc5 Kg7 59. b5 Bxb5 60. Kxb5 Kf6 1/2-1/2

[Event "LSS No Engine Cup 174 Preliminary 0"]
[Site "LSS email"]
[Date "2017.10.19"]
[Round "?"]
[White "Daigle, Sylvain"]
[Black "Neumann, Otto"]
[Result "0-1"]
[WhiteElo "1600"]
[BlackElo "1150"]
[PlyCount "82"]
[EventDate "2017.10.20"]
[EventType "tourn (corr)"]
[EventRounds "6"]
[EventCountry "GER"]
[SourceTitle "Corr 2022"]
[Source "ChessBase"]
[SourceDate "2021.10.24"]
[SourceVersion "1"]
[SourceVersionDate "2021.10.24"]
[SourceQuality "1"]

1. d4 Nf6 2. c4 d5 3. Nc3 g6 4. e3 Bg7 5. Nf3 Bg4 6. h3 Bxf3 7. Qxf3 e6 8. Bd3 Nbd7 9. cxd5 exd5 10. 0-0 0-0 11. Nxd5 c6 12. Nxf6+ Nxf6 13. Bd2 Nd5 14. a3 Re8 15. Rfe1 Qb6 16. b4 Rad8 17. Rac1 Rd7 18. Bc4 Red8 19. Bxd5 Rxd5 20. Bc3 Qb5 21. Ba1 Qa4 22. Rc3 Qa6 23. Rc5 Qxa3 24. Rxd5 Rxd5 25. Rb1 Qa2 26. Qd1 Rf5 27. Rb2 Qd5 28. Re2 Rg5 29. f3 Qxf3 30. Qf1 Qxh3 31. Qf4 Qh5 32. Rf2 Rf5 33. Qb8+ Bf8 34. Rxf5 gxf5 35. Qxa7 Qd1+ 36. Kh2 Bd6+ 37. g3 Qe2+ 38. Kh3 Qg4+ 39. Kg2 Qxg3+ 40. Kf1 Qf3+ 41. Ke1 Bxb4+ 0-1

[Event "LSS No Engine Cup 174 Preliminary 0"]
[Site "LSS email"]
[Date "2017.10.19"]
[Round "?"]
[White "Daigle, Sylvain"]
[Black "Trzebiatowski, Krzysztof"]
[Result "0-1"]
[WhiteElo "1600"]
[BlackElo "1600"]
[PlyCount "72"]
[EventDate "2017.10.20"]
[EventType "tourn (corr)"]
[EventRounds "6"]
[EventCountry "GER"]
[SourceTitle "Corr 2022"]
[Source "ChessBase"]
[SourceDate "2021.10.24"]
[SourceVersion "1"]
[SourceVersionDate "2021.10.24"]
[SourceQuality "1"]

1. d4 b5 2. e4 Bb7 3. d5 Nf6 4. Bd3 e6 5. Bg5 h6 6. Bh4 g5 7. Bg3 exd5 8. Nd2 dxe4 9. Bxb5 Qe7 10. Ne2 e3 11. Nf3 Bxf3 12. gxf3 Qb4+ 13. Nc3 Qxb2 14. Be5 Bb4 15. Rb1 Bxc3+ 16. Ke2 Qxb1 17. Qxb1 Bxe5 18. fxe3 a6 19. Ba4 0-0 20. Qb7 Nc6 21. Bxc6 dxc6 22. Qxc6 Kg7 23. h3 Rad8 24. Qxa6 Rfe8 25. Rd1 Rxd1 26. Kxd1 Nd5 27. e4 Nc3+ 28. Kd2 Re6 29. Qc4 Rd6+ 30. Ke3 Bf4+ 31. Kf2 Rd2+ 32. Ke1 Rxc2 33. Qb3 Bg3+ 34. Kf1 Rf2+ 35. Kg1 Ne2+ 36. Kh1 Rh2# 0-1

[Event "RE-2017-0-00190"]
[Site "LSS email"]
[Date "2017.08.09"]
[Round "?"]
[White "Daigle, Sylvain"]
[Black "Obrien, Glenn"]
[Result "0-1"]
[WhiteElo "1373"]
[BlackElo "1379"]
[PlyCount "88"]
[EventDate "2017.05.12"]
[EventType "tourn (corr)"]
[EventRounds "6"]
[EventCountry "GER"]
[SourceTitle "Corr 2022"]
[Source "ChessBase"]
[SourceDate "2021.10.24"]
[SourceVersion "1"]
[SourceVersionDate "2021.10.24"]
[SourceQuality "1"]

1. d4 Nf6 2. c4 e6 3. a3 d5 4. Nc3 Be7 5. Nf3 0-0 6. e3 Nc6 7. c5 b6 8. b4 bxc5 9. bxc5 Rb8 10. Qc2 Bd7 11. Be2 Ng4 12. h3 Nh6 13. Rb1 Rxb1 14. Nxb1 Qa8 15. 0-0 Rb8 16. Nc3 Nf5 17. e4 Ncxd4 18. Nxd4 Nxd4 19. Qd3 Bxc5 20. Be3 dxe4 21. Qd2 Nxe2+ 22. Qxe2 Bxe3 23. Qxe3 Bc6 24. Rb1 Rxb1+ 25. Nxb1 Bb5 26. Nc3 Bd3 27. f3 f5 28. Kf2 Qb8 29. fxe4 Qb2+ 30. Ne2 fxe4 31. Ke1 Qxa3 32. Kf2 Qb2 33. Ke1 Bxe2 34. Qxe2 Qa1+ 35. Kf2 Qd4+ 36. Qe3 c5 37. Ke2 Qc4+ 38. Kd2 a5 39. Qa3 Qb4+ 40. Qc3 e3+ 41. Kd3 c4+ 42. Kc2 Qb3+ 43. Qxb3 cxb3+ 44. Kxb3 e2 0-1

[Event "RE-2017-0-00190"]
[Site "LSS email"]
[Date "2017.08.07"]
[Round "?"]
[White "Daigle, Sylvain"]
[Black "Koepcke, Klaus Peter"]
[Result "0-1"]
[WhiteElo "1373"]
[BlackElo "1402"]
[PlyCount "90"]
[EventDate "2017.05.12"]
[EventType "tourn (corr)"]
[EventRounds "6"]
[EventCountry "GER"]
[SourceTitle "Corr 2022"]
[Source "ChessBase"]
[SourceDate "2021.10.24"]
[SourceVersion "1"]
[SourceVersionDate "2021.10.24"]
[SourceQuality "1"]

1. d4 d5 2. c4 c6 3. Nc3 Nf6 4. cxd5 Nxd5 5. e4 Nb6 6. Nf3 g6 7. Be2 Bg7 8. Be3 0-0 9. 0-0 N8d7 10. b3 e5 11. d5 cxd5 12. Nxd5 Nxd5 13. Qxd5 Nf6 14. Qxd8 Rxd8 15. Rad1 Bg4 16. Rxd8+ Rxd8 17. Rd1 Rxd1+ 18. Bxd1 Nxe4 19. h3 Be6 20. Bxa7 Nc3 21. Bc2 Nxa2 22. Nd2 Nc3 23. Kf1 f5 24. f3 Nb5 25. Bb6 Nd4 26. Bd1 Bd5 27. Bxd4 exd4 28. Ke2 Kf7 29. Kd3 Ke6 30. Nc4 Bc6 31. g3 g5 32. f4 Be4+ 33. Ke2 gxf4 34. gxf4 Bh6 35. Nd2 Bxf4 36. Nxe4 fxe4 37. Kf2 d3 38. Bg4+ Ke5 39. Ke1 Kd4 40. Kd1 e3 41. Ke1 Kc3 42. Bd1 Bg3+ 43. Kf1 Kd2 44. Bg4 e2+ 45. Bxe2 dxe2+ 0-1

[Event "RE-2017-0-00190"]
[Site "LSS email"]
[Date "2017.08.07"]
[Round "?"]
[White "Daigle, Sylvain"]
[Black "Pech, Matej"]
[Result "1-0"]
[WhiteElo "1373"]
[BlackElo "1596"]
[PlyCount "65"]
[EventDate "2017.05.12"]
[EventType "tourn (corr)"]
[EventRounds "6"]
[EventCountry "GER"]
[SourceTitle "Corr 2022"]
[Source "ChessBase"]
[SourceDate "2021.10.24"]
[SourceVersion "1"]
[SourceVersionDate "2021.10.24"]
[SourceQuality "1"]

1. d4 Nf6 2. c4 c5 3. e3 g6 4. Nc3 Bg7 5. Nf3 0-0 6. Be2 cxd4 7. exd4 d5 8. 0-0 Nc6 9. Be3 dxc4 10. Bxc4 a6 11. a3 b5 12. Ba2 Bg4 13. h3 Bxf3 14. Qxf3 Nxd4 15. Bxd4 Qxd4 16. Rad1 Qb6 17. Rd2 Rad8 18. Rfd1 e6 19. Rxd8 Rxd8 20. Kf1 Rxd1+ 21. Nxd1 Nd7 22. b4 Qd6 23. Ke2 Ne5 24. Qa8+ Bf8 25. Qe4 Nc6 26. Ne3 a5 27. Nc2 axb4 28. axb4 Bg7 29. g3 Nd4+ 30. Nxd4 Bxd4 31. Qb1 Qe5+ 32. Kf1 Qf6 33. Qc2 1-0

[Event "LSS No Engine Cup 168 Preliminary 0"]
[Site "LSS email"]
[Date "2017.04.03"]
[Round "?"]
[White "Daigle, Sylvain"]
[Black "Newton, Daryl"]
[Result "1-0"]
[WhiteElo "1600"]
[BlackElo "990"]
[PlyCount "93"]
[EventDate "2017.04.04"]
[EventType "tourn (corr)"]
[EventRounds "6"]
[EventCountry "GER"]
[SourceTitle "Corr 2022"]
[Source "ChessBase"]
[SourceDate "2021.10.24"]
[SourceVersion "1"]
[SourceVersionDate "2021.10.24"]
[SourceQuality "1"]

1. d4 e6 2. c4 d6 3. Nc3 Nf6 4. Bg5 Be7 5. Nf3 b6 6. e3 c5 7. Bxf6 Bxf6 8. Be2 Nc6 9. a3 cxd4 10. exd4 d5 11. cxd5 exd5 12. 0-0 0-0 13. Re1 Re8 14. Bb5 Rxe1+ 15. Qxe1 Bd7 16. Nxd5 Nxd4 17. Nxf6+ Kh8 18. Bxd7 Qxf6 19. Qe4 Rd8 20. Nxd4 h6 21. Bf5 g6 22. Bd7 Qg7 23. Re1 Kh7 24. Qe7 Rg8 25. Nf3 Qxb2 26. Qxf7+ Rg7 27. Qe6 Qxa3 28. Nh4 Qd3 29. Bc6 a5 30. Be4 Qd7 31. Bxg6+ Kh8 32. Qe8+ Qxe8 33. Rxe8+ Rg8 34. Rxg8+ Kxg8 35. Nf5 b5 36. Nd6 b4 37. Be8 b3 38. Nc4 Kf8 39. Ba4 b2 40. Nxb2 Kg7 41. Nc4 Kf6 42. Nxa5 h5 43. h4 Kf5 44. g3 Ke5 45. f3 Kd4 46. Be8 Ke3 47. Bxh5 1-0